Dictionnaire : Tous les mots commençant par Y - Statistiques

Statistiques générales
  • Ce quiz a été pris 561 fois
  • Le résultat moyen est 9 sur 57
Statistiques - réponses
Début du mot (indice) Mot % Correct
y Y
100%
yo Yoyo
71%
ya Yao
70%
ya Yaourt
66%
ya Yak
64%
ye Yen
56%
yi Yin
56%
ya Yacht
39%
yo Yourte
35%
yo Yoga
29%
ye Yéti
24%
yo Youp
24%
yo Youpi
23%
yo Yod
20%
yu Yuzu
16%
ye Yéyé
15%
yo Yogi
14%
yo Yole
12%
yu Yuan
12%
yt Yttrium
11%
ya Yard
9%
yt Ytterbium
9%
yu Yucca
9%
ya Yaourtière
8%
yi Yiddish
8%
yo Youpin
8%
yo Youyou
8%
ya Yankee
7%
yo Yoyoter
6%
ya Yakuza
5%
ya Yass
5%
yo Youtubeur
5%
ya Yachting
4%
yo Youpala
4%
yp Ypérite
4%
ya Yacht-club
2%
ya Yakitori
2%
ye Yeoman
2%
yu Yuppie
2%
ya Yassa
1%
ya Yatagan
1%
ye Yearling
1%
ye Yeuse
1%
yp Ypréau
1%
ys Ysopet
1%
yt Yttria
1%
ya Yantra
0%
ye Yézidisme
0%
yo Yohimbehe
0%
yo Yohimbine
0%
yo Yorkshire-terrier
0%
yo Yoseikan budo
0%
yo Yougoslavisme
0%
yt Ytterbine
0%
yt Yttrialite
0%
yt Yttrifère
0%
yt Yttrique
0%
Aucun quiz correspondant
Distribution des résultats
% des personnes avec chaque résultat
Percentile par nombre de réponses
Votre historique - résultats
Vous n’avez pas pris ce quiz